| 000 | 09485nas a22003257a 4500 | ||
|---|---|---|---|
| 003 | NALT | ||
| 005 | 20260220145515.0 | ||
| 006 | a|||p|r|||| 00| 0 | ||
| 007 | ta | ||
| 008 | 260218b th |||p| |||| 00| 0 tha d | ||
| 022 | _a01250957 | ||
| 040 | _aNALT | ||
| 041 | _atha | ||
| 245 | 0 | _aรัฐสภาสาร ปีที่ 46 ฉบับที่ 7-12 (กรกฎาคม-ธันวาคม 2541). | |
| 260 | _aกองการพิมพ์ สำนักงานเลขาธิการสภาผู้แทนราษฎร. | ||
| 310 | _aรายเดือน. | ||
| 500 | _aวารสารเย็บเล่ม. | ||
| 505 | 2 | _aปีที่ 46 ฉบับที่ 7 ก.ค. 2541 -- พระราชบัญญัติประกอบรัฐธรรมนูญว่าด้วยการเลือกตั้งสมาชิกสภาผู้แทนราษฎรและสมาชิกวุฒิสภา พ.ศ. 2541 -- ปาร์ตี้ลิสต์ -- สมาชิกซึ่งมาจากการเลือกตั้ง แบบบัญชีรายชื่อ -- สมาชิกสภาผู้แทนราษฎรแบบแบ่งเขต -- สมาชิกซึ่งมาจากการเลือกตั้งแบบบัญชีรายชื่อ. | |
| 505 | 2 | _aปีที่ 46 ฉบับที่ 8 ส.ค. 2541 -- ศาลรัฐธรรมนูญตามรัฐธรรมนูญแห่งราชอาณาจักรไทย พ.ศ. 2540 -- "ปฏิรูปการเมือง ความสำเร็จอยู่ที่คนหรือระบบ" -- จะใช้งบประมาณแบบใด ในการบริหารการเงินแบบกระจายอำนาจ -- การงบประมาณของไทย -- การงบประมาณของกองทัพบกสหรัฐ -- เอกสารสำคัญในการทำงบประมาณแบบบริหาร -- งบประมาณ แบบวางแผน -- ความแตกต่างของระบบงบประมาณแบบกระจายอำนาจทั้งสอง -- การประชุมสภาผู้แทนราษฎร -- ปัญหาการเลี้ยงกุ้งในเขตน้ำจืด -- จัดตั้งพรรคไทยรักไทย -- ยุติปัญหาเอสดีเอช -- ร้องตรวจสอบการอนุมัติโครงการกำจัดขยะมูลฝอยของกรุงเทพมหานคร. | |
| 505 | 2 | _aปีที่ 46 ฉบับที่ 9 ก.ย. 2541 -- ธรรมรัฐภาคเมือง : บทบาทภาคีเมือง -- ธรรมรัฐ -- การปกครองที่ดี -- ภาคีเมือง -- ภาคีเอกชน -- ภาคีองค์กรพัฒนาเอกชน (เอ็นจีโอ) -- ภาคีสื่อมวลชน -- ภาคีนักวิชาการ -- ภาคีสถาบันการศึกษา -- ภาคีประชาชน -- บทบาทภาคีเมืองในการสร้างธรรมรัฐ -- ผู้นำที่มีคุณภาพ -- กสรจัดตั้งองค์กรที่ชัดเจน -- ปรัชญาการศึกษาว่าด้วย "ธรรมรัฐ" -- รัฐธรรมนูญกับการจัดการศึกษาของท้องถิ่น -- สิทธิ์ในความเป็นมนุษย์ -- การปฏิรูประบบราชการ -- การปฏิรูปศาลและระบบ การตรวจสอบ -- การปฏิรูประบบผู้แทน -- การขจัดความทุจริตในบ้านเมือง -- สิทธิในการศึกษา -- ข้อคิดและความเป็นมาเกี่ยวกับดอกเบี้ยเงินให้กู้ยืมของสถาบันการเงิน ที่เรียกได้เกินกว่าร้อยละสิบห้าต่อปี. | |
| 505 | 2 | _aปีที่ 46 ฉบับที่ 10 ต.ค. 2541 -- แนวทางการร่างกฎหมายประกอบรัฐธรรมนูญว่าด้วยการเลือกตั้งสมาชิกสภาผู้แทนราษฎรและสมาชิกวุฒิสภา ให้สอดคล้องกับรัฐธรรมนูญ แห่งราชอาณาจักรไทย พุทธศักราช 2540 -- สาระสำคัญของกฎหมายว่าด้วยการเลือกตั้งสมาชิกสภาผู้แทนราษฎรฉบับปัจจุบัน -- สภาพปัญหาเกี่ยวกับการเลือกตั้งและ การบริหารการเลือกตั้งของไทย -- ข้อเสนอแนะบางประการเกี่ยวกับการเลือกตั้งสมาชิกสภาผู้แทนราษฎร -- กรอบความคิดเกี่ยวกับการเลือกตั้ง -- ความสำคัญของการ เลือกตั้ง -- แนวความคิดเกี่ยวกับการเลือกตั้งกับการเป็นผู้แทนปวงชน -- คุณสมบัติของผู้มีสิทธิเกี่ยวกับการเลือกตั้ง -- ระบบการเลือกตั้ง -- วิธีการคิดคะแนนเสียง -- บทบัญญัติเกี่ยวกับการเลือกตั้งสมาชิกสภาผู้แทนราษฎร -- แนวทางการร่างกฎหมายประกอบรัฐธรรมนูญว่าด้วยการเลือกตั้งสมาชิกสภาผู้แทนราษฎรและสมาชิกวุฒิสภา. | |
| 505 | 2 | _aปีที่ 46 ฉบับที่ 11 พ.ย. 2541 -- องค์การบริหารส่วนจังหวัดในอนาคต : ความจำเป็นที่ต้องเปลี่ยนแปลง -- สภาผู้รับเหมา -- องค์การบริหารส่วนจังหวัด -- สมาชิกสภาจังหวัด -- การปกครองท้องถิ่นจีน -- สาธารณรัฐประชาชนจีน -- รัฐธรรมนูญสาธารณรัฐประชาชนจีน -- เขตการปกครองตนเองสาธารณรัฐประชาชนจีน -- ปักกิ่ง -- ฝ่ายนิติบัญญัติ -- สภาผู้แทนประชาชนท้องถิ่น -- มูลเหตุความเป็นมาในการเสนอความเห็นและคำฟ้องเพื่อขอให้ศาลรัฐธรรมนูญพิจารณาวินิจฉัยและสรุปความเห็นในการพิจารณา -- คณะตุลาการศาลรัฐธรรมนูญ. | |
| 505 | 2 | _aปีที่ 46 ฉบับที่ 12 ธ.ค. 2541 -- วิเคราะห์เปรียบเทียบรัฐธรรมนูญแห่งราชอาณาจักรไทย พุทธศักราช 2540 กับรัฐธรรมนูญฉบับสำคัญ -- ความสำคัญของรัฐธรรมนูญ -- ประเภทของรัฐธรรมนูญ -- ที่มาของรัฐธรรมนูญ -- ความสำคัญของรัฐธรรมนูญ -- ที่มาของรัฐธรรมนูญ -- จำนวนรัฐธรรมนูญของไทย 16 ฉบับ -- รัฐธรรมนูญแห่งราช อาณาจักรสยาม -- คณะกรรมการการเลือกตั้ง : การจัดองค์การ -- คณะกรรมการการเลือกตั้ง -- พระราชบัญญัติประกอบรัฐธรรมนูญว่าด้วยคณะกรรมการการเลือกตั้ง พ.ศ. 2541. | |
| 650 | 4 |
_aรัฐสภา _zไทย _957374 |
|
| 850 | _aNALT | ||
| 866 | _aปีที่ 46 ฉบับที่ 7-12 (กรกฎาคม-ธันวาคม 2541). | ||
| 942 |
_cBOUND _2lcc |
||
| 996 |
_aaroonthip.c _bLIBSTF _c2026-02-18 |
||
| 999 |
_c107795 _d107795 |
||
| 998 |
_j179 _k นางสาวอรุณทิพย์ จันทร์ดิษฐ์ |
||